| 000 | 00504nam a2200181Ia 4500 | ||
|---|---|---|---|
| 005 | 20250508154909.0 | ||
| 008 | 008 250505s9999 xx 000 0 eng d | ||
| 037 | _aTextual | ||
| 040 |
_aFEDL _beng _cFEDL |
||
| 041 |
_aeng _2eng |
||
| 084 |
_a372.5, SHA _qFEDL |
||
| 100 | _aSharma T R | ||
| 245 | 0 | _aIntroducation to craft education in India | |
| 260 |
_aAmbala, India _bThe Indian Publications _c1968 |
||
| 300 | _a107p. | ||
| 942 |
_cTEXL _h372.5, SHA |
||
| 999 |
_c1352689 _d1352689 |
||